[Event "Mecklenburg VP LL 0203"]
[Site "Mecklenburg VP"]
[Date "2002.??.??"]
[Round "3.3"]
[White "Leisner, Hannes"]
[Black "Tuchenhagen, Harald"]
[Result "1-0"]
[WhiteElo "1818"]
[BlackElo "1953"]
[PlyCount "79"]
[EventDate "2002.10.20"]
[EventType "team-tourn"]
[EventRounds "9"]
[EventCountry "GER"]
[SourceTitle "EXT 2016"]
[Source "ChessBase"]
[SourceDate "2015.10.08"]
[SourceVersion "1"]
[SourceVersionDate "2015.10.08"]
[SourceQuality "1"]
[WhiteTeam "Schwerin SF II"]
[BlackTeam "Ludwigslust Post SV"]
[WhiteTeamCountry "GER"]
[BlackTeamCountry "GER"]

1. d4 Nf6 2. c4 e5 3. dxe5 Ng4 4. e3 Nxe5 5. Nh3 Bb4+ 6. Bd2 Nbc6 7. Nf4 d6 8. Be2 0-0 9. Bxb4 Nxb4 10. a3 Nbc6 11. Nc3 Ne7 12. 0-0 N7g6 13. Nxg6 Nxg6 14. Qd2 Ne5 15. f4 Ng4 16. Bxg4 Bxg4 17. f5 f6 18. Qf2 Qd7 19. e4 Bh5 20. Qh4 Bf7 21. b3 a6 22. Rf3 b5 23. cxb5 axb5 24. Ne2 Qc6 25. Kh1 Rfe8 26. Re3 d5 27. Rh3 h6 28. Rg3 Kh7 29. Qg4 Rg8 30. Rc1 Qe8 31. Rxc7 Rxa3 32. h4 h5 33. Qf4 dxe4 34. Nd4 Qd8 35. Ne6 Ra1+ 36. Kh2 Qd1 37. Rxg7+ Rxg7 38. Nf8+ Kh8 39. Qh6+ Rh7 40. Qxh7# 1-0

[Event "Mecklenburg VP LL 0203"]
[Site "Mecklenburg VP"]
[Date "2002.??.??"]
[Round "1.3"]
[White "Tuchenhagen, Harald"]
[Black "Wolke, Heiko"]
[Result "1-0"]
[WhiteElo "1953"]
[BlackElo "2090"]
[PlyCount "75"]
[EventDate "2002.10.20"]
[EventType "team-tourn"]
[EventRounds "9"]
[EventCountry "GER"]
[SourceTitle "EXT 2016"]
[Source "ChessBase"]
[SourceDate "2015.10.08"]
[SourceVersion "1"]
[SourceVersionDate "2015.10.08"]
[SourceQuality "1"]
[WhiteTeam "Ludwigslust Post SV"]
[BlackTeam "Warnemuende SF Ostsee"]
[WhiteTeamCountry "GER"]
[BlackTeamCountry "GER"]

1. e4 c6 2. d4 d5 3. e5 Bf5 4. Bd3 Bxd3 5. Qxd3 e6 6. f4 Qa5+ 7. Bd2 Qa6 8. Qf3 c5 9. Ne2 Nc6 10. Bc3 cxd4 11. Nxd4 Bc5 12. Nb3 Bb6 13. Qd3 Qxd3 14. cxd3 Nge7 15. Na3 Nf5 16. Nc2 h5 17. a4 a6 18. Ke2 Kd7 19. d4 Ke7 20. Rad1 Rac8 21. Ne3 g6 22. Nxf5+ gxf5 23. Be1 h4 24. g3 hxg3 25. Bxg3 Nb4 26. h4 Rc2+ 27. Rd2 Rxd2+ 28. Kxd2 Rc8 29. Ke3 Rc4 30. h5 Nc2+ 31. Kd3 Nxd4 32. Nxd4 Rxd4+ 33. Ke2 Re4+ 34. Kf1 Rc4 35. h6 Rc1+ 36. Be1 Rc8 37. h7 Rh8 38. Bh4+ 1-0